LEADER 01256nam a2200325 u 4500 001 000000031795 003 CaOOAMICUS 005 20070226112159.0 008 971008s1992 it u000 u ita u 020 $a8821168093 035 $a10771948 040 $aPUL(R)$bita 041 1 $aita$heng 100 1 $aSanders, Ed Parish.$0(OLS)http://pul/name/23565 240 10$aJesus and Judaism.$lItaliano.$0(OLS)http://pul/title/43755 245 10$aGesù e il giudaismo /$cE. P. Sanders ; prefazione di Piero Stefani. 260 $aGenova :$bMarietti,$c1992. 300 $axi, 494 p. :$b21 cm 490 1 $aDabar : studi biblici e giudastici 500 $aIndici: p. [459]-494. 504 $aBibliografia: p. [439]-455. 650 4$aGiudaismo.$0(OLS)http://pul/subject/1627 830 0$aDabar : studi biblici e giudastici.$0(OLS)http://pul/title/43502 850 $aPUL 852 $aPUL$W1$xSL Religione 1$y3$m7(1) F 61$j43853$nBK-PRI$b $qStampati$B43853$CPULBib$Z2$F43853 $H $81 941 1 $a8 961 $aINV: 69483 996 $6020$a8821168093$9(OLS)http://pul/number/39927 996 $6245$aGesù e il giudaismo$9(OLS)http://pul/title/43756 996 $6260$aGenova :$bMarietti$9(OLS)http://pul/publisher/48994 LEADER 01160nam a2200277 a 4500 001 000000121508 003 CaOOAMICUS 005 20100504123611.0 008 100504t2005 it u000 u ita r 020 $a88-315-2930-7 040 $aPUL$bita$dReb 100 1 $aGronchi, Maurizio.$0(OLS)http://pul/name/14663 245 10$aGesù di Nazaret :$bun personaggio storico /$cMaurizio Gronchi, Juvénal Ilunga Muya. 260 $aMilano :$bPaoline,$c©2005. 300 $a234 p. ;$c21 cm 490 1 $aDiaconia alla verità ;$v03 504 $aBibliografia p. 229-234. 600 04$aJesus Christ.$0(OLS)http://pul/subject/4351 700 1 $aIlunga Muya, Juvénal,$csac.$0(OLS)http://pul/name/76112 830 0$aDiaconia alla verità ;$v03.$0(OLS)http://pul/title/99023 850 $aPUL 852 $aPUL$W1$xSL Religione 1$y3$m62 L 60.3$j139460$qStampati$B138665$CPULBib$Z2$F138665 $H113505 $82 941 1 $a8 996 $6020$a88-315-2930-7$9(OLS)http://pul/number/144048 996 $6245$aGesù di Nazaret :$bun personaggio storico$9(OLS)http://pul/title/152872 996 $6260$aMilano :$bPaoline$9(OLS)http://pul/publisher/60808